[Event "Corus-B"]
[Site "Wijk aan Zee"]
[Date "2003.01.14"]
[Round "3"]
[White "Kosteniuk, Alexandra"]
[Black "Zhang, Zhong"]
[Result "0-1"]
[WhiteElo "2456"]
[BlackElo "2624"]
[Annotator "Finkel,A"]
[PlyCount "64"]
[EventDate "2003.01.14"]
[EventType "tourn"]
[EventRounds "13"]
[EventCountry "NED"]
[EventCategory "13"]
[SourceTitle "CBM 093"]
[Source "ChessBase"]
[SourceDate "2003.04.01"]
[SourceVersion "1"]
[SourceVersionDate "2003.04.01"]
[SourceQuality "1"]

1. e4 c5 2. Nf3 d6 3. d4 cxd4 4. Nxd4 Nf6 5. Nc3 a6 6. Bg5 e6 (6... Nc6 7. f4
Qb6 8. Nb3 e6 9. Qf3 Qc7 10. O-O-O (10. Bd3 b5 11. O-O-O Bd7 12. Kb1 Be7 13.
Rhe1 b4 14. Nd5 $5 $36 {Tong Yuanming-Zhang Zhong/Beijing 1997}) 10... Be7 (
10... b5 11. g4 Bb7 12. Bg2 Rc8 13. Qe2 Be7 14. Rhe1 O-O 15. h4 Na5 16. e5 $16
{Navarro,P-Santos,J/Olival Basto 2001}) 11. g4 h6 12. Bh4 g5 13. Bg3 gxf4 14.
Bxf4 e5 15. g5 Bg4 16. Qf2 exf4 17. gxf6 Bxf6 18. Nd5 $16 {Woda,J-Mainka,R/
Aabybro 1989}) 7. f4 Qc7 8. Qf3 {Young russian star is famous for her
agressive style, but it seems that Chinease grandmaster was well prepared for
the game and managed to get very comfortable position from the opening.} Nc6 (
8... Nbd7) 9. Nb3 b5 (9... Be7 10. O-O-O h6 $6 11. Bh4 O-O 12. g4 Bd7 13. g5
Ne8 14. Rg1 Qd8 15. Kb1 Rc8 16. Bf2 $16 {Kosteniuk,A-Laguna,F/InterAjedrez
Directo 2002}) (9... Bd7 10. Bd3 Na5 11. f5 Be7 12. fxe6 Bxe6 13. O-O Nc6 14.
Kh1 O-O 15. Qg3 $14 {Schmitz,T-Sicherl,P/Germany 1992}) 10. Bd3 Bb7 11. Qh3 {
Another idea is to castle queenside.} (11. O-O-O Be7 12. Rhe1 b4 13. Ne2 O-O
14. Kb1 e5 15. Ng3 $14 {[%cal Gg3f5] Simek,P-Stefan,O/Frymburk 2000}) (11. a4
b4 12. Ne2 Be7 13. O-O h6 14. Bh4 g5 $1 15. Bf2 gxf4 16. Nxf4 Ne5 17. Qe2 Rg8
$132 {Ranniku,M-Tsiganova,M/Tallinn 2002}) 11... Be7 12. O-O (12. a3 b4 13.
axb4 Nxb4 14. O-O Nxd3 15. Qxd3 O-O $13) 12... Nb4 13. Rae1 Nxd3 14. cxd3 b4
15. Nd1 {Deserved attention retreat of the knight to e2:} (15. Ne2 $5 O-O 16.
Ned4 a5 17. Kh1 a4 18. Nd2 h6 19. Bh4 Qc5 20. N2f3 Qh5 21. Qg3 $14) 15... a5
16. Nf2 h6 17. Rc1 ({Nothing promised} 17. e5 dxe5 18. fxe5 Nd5 19. Bxe7 Nxe7
20. Ne4 Bxe4 21. Rxe4 O-O $13 {and black is doing fine.}) 17... Qd8 18. e5 dxe5
19. fxe5 Nh7 $5 {More natural was to come to d5, but black doesn't want to
close the bishop.} (19... Nd5 20. Bxe7 Nxe7 21. Nc5 Bd5 $132) 20. Bxe7 Qxe7 21.
Nc5 Bd5 22. Ng4 O-O 23. Rf2 $6 (23. d4) 23... Rad8 24. b3 $2 {Simple
blundering a pawn in the equal position!} (24. d4) 24... Qg5 $1 $17 {[%csl Rc1,
Re5]} 25. Rcf1 h5 26. Rf4 $2 {Miscalculation leading to the loss of the knight.
} (26. Ne3 Qxe5 27. Nxd5 Rxd5 28. Ne4 f5 29. Nd2 Nf6 30. Nf3 Qe3 $17) 26...
hxg4 27. Rxg4 Qxe5 $19 28. Rh4 Qg5 $1 {Just as simple as that! The game is
over since white can't take on h7.} 29. Rg4 (29. Rxh7 Qxg2+ 30. Qxg2 Bxg2 31.
Kxg2 Kxh7 $19) 29... Bxg2 $1 30. Qxg2 Qxc5+ 31. d4 Rxd4 32. Rxg7+ Kh8 0-1

[Event "Amsterdam Euwe Memorial"]
[Site "Amsterdam"]
[Date "1991.??.??"]
[Round "1"]
[White "Van der Wiel, John"]
[Black "Kasparov, Garry"]
[Result "1/2-1/2"]
[WhiteElo "2530"]
[BlackElo "2800"]
[Annotator "Ftacnik,L"]
[PlyCount "48"]
[EventDate "1991.05.??"]
[EventType "tourn"]
[EventRounds "9"]
[EventCountry "NED"]
[EventCategory "16"]
[SourceTitle "CBM 023"]
[Source "ChessBase"]
[SourceDate "1991.08.01"]
[SourceVersion "1"]
[SourceVersionDate "1991.08.01"]
[SourceQuality "1"]

1. e4 c5 2. Nf3 d6 3. d4 cxd4 4. Nxd4 Nf6 5. Nc3 a6 6. Bg5 e6 7. f4 Qc7 8. Qf3
Nbd7 9. O-O-O b5 10. e5 Bb7 11. Qh3 dxe5 12. Nxe6 fxe6 13. Qxe6+ Be7 14. Bxf6 (
14. Nxb5 axb5 15. Bxb5 O-O-O $1) (14. Bxb5 axb5 15. Nxb5 Qc6 16. Nd6+ Kd8 17.
fxe5 Kc7) 14... gxf6 15. Be2 (15. Bxb5 axb5 16. Nxb5 Qc6 17. Nd6+ Qxd6 18. Rxd6
Nc5 19. Qf5 Be4 20. Qh5+ Bg6 $13 {Cejtlin-Gutman/URS/1971/}) 15... h5 16. Nd5 (
16. Nxb5 axb5 17. Bxb5 O-O-O 18. Qxe7 Nc5 19. Qxf6 Be4 20. Bc4 $13 {
Westerinen-Jacobsen/Raach/1969/}) (16. fxe5 Nf8 17. Qb3 Rd8 18. exf6 Qf4+ 19.
Kb1 Rxd1+ 20. Rxd1 Qxf6 21. Nxb5 axb5 22. Rf1 Qe5 23. Bxb5+ Kd8 $19 {
Kuyindzhi-Tseitlin,M/URS/1971/}) (16. Bd3 Nf8 17. Qh3 exf4 18. Rhe1 Rd8 19. a4
b4 20. Ne4 Kf7 $17 {Tringov-Polugajevsky/Skopje/1971/}) 16... Bxd5 17. Rxd5 Nc5
(17... Nb6 18. Bxh5+ (18. Bd3 Kf8 19. Bg6 Kg7 20. Qf7+ Kh6 $15 {
Georgadze-Gutman/URS/1972/}) 18... Rxh5 19. Qg8+ $10) 18. Qf5 Qc6 19. Qg6+ Kf8
20. Rhd1 (20. Rxe5 Qe8 21. Qf5 Qc8 22. Qg6 Qe8 {Schulman-Parma/Lugano ol/1968/}
) 20... Qe8 (20... Ne6 21. Bxh5 (21. Rd6 Nxf4 $1) 21... Rxh5 22. Qxh5 Nxf4 23.
Qh8+ Kf7 24. Qh7+ Ke6 25. R5d2 $40) 21. Qf5 Qc8 (21... exf4 $2 22. Rxc5 Bxc5
23. Qxf6+ Kg8 24. Qg5+ $1 Kf8 25. Qxc5+ $18) 22. Qg6 Qe6 23. Bxh5 Qg8 (23...
Rxh5 24. Qxh5 exf4 25. Rxc5 Qe3+ 26. Kb1 Bxc5 27. Qh8+ Kf7 28. Qxa8 $18) 24.
Rd8+ (24. Qf5 Qe6 (24... Qh7 25. Bg6 Qh6 26. Rxc5 $1 Qxf4+ 27. Qxf4 exf4 28.
Rc7 $16)) 24... Rxd8 {Ftacnik,L} (24... Rxd8 25. Rxd8+ Bxd8 26. Qe8+ Kg7 27.
Qg6+ $10) 1/2-1/2

[Event "Biel GM"]
[Site "Biel"]
[Date "2006.07.24"]
[Round "1"]
[White "Radjabov, Teimour"]
[Black "Volokitin, Andrei"]
[Result "1-0"]
[WhiteElo "2728"]
[BlackElo "2662"]
[Annotator "Ftacnik,L"]
[PlyCount "78"]
[EventDate "2006.07.24"]
[EventType "tourn"]
[EventRounds "10"]
[EventCountry "SUI"]
[EventCategory "17"]
[SourceTitle "CBM 114"]
[Source "ChessBase"]
[SourceDate "2006.10.02"]
[SourceVersion "1"]
[SourceVersionDate "2006.10.02"]
[SourceQuality "1"]

1. e4 c5 2. Nf3 d6 3. d4 cxd4 4. Nxd4 Nf6 5. Nc3 a6 6. Bg5 e6 7. f4 Nbd7 8. Qf3
Qc7 9. g4 b5 10. Bxf6 Nxf6 11. g5 Nd7 12. O-O-O b4 {It seems to be
unbelievable, that this position has never occured in documented tournament
praxis.} (12... Bb7 13. f5 e5 14. Nb3 b4 15. Nd5 Bxd5 16. exd5 Qb6 17. g6 f6
18. Qe4 Be7 19. Bd3 h6 20. Rhe1 O-O 21. Re3 Rfc8 {0-1 Maertin,H-Hellwig,M/
Mecklenburg VP 1999/ (59)}) (12... Nc5 13. Bd3 b4 14. Nd5 exd5 15. exd5 Nxd3+
16. Rxd3 Be7 17. h4 Bb7 18. Nf5 O-O-O 19. Re1 Bf8 20. a3 Kb8 21. axb4 {1-0
Novotny,J (2055)-Boleslav,P (1925)/Klatovy 2001/ (30)}) 13. Nd5 $5 (13. Nce2
Bb7 14. Ng3 Be7 $11) 13... exd5 14. exd5 {With this brave move Radjabov has
declared war on his seriously underdeveloped opponent.} Bb7 (14... Be7 15. Re1
Nb8 16. f5 Nd7 17. f6 Ne5 18. Qf4) (14... Nb8 $6 15. Bd3 Ra7 16. Rhe1+ Be7 17.
f5 $14) 15. Qe4+ (15. Re1+ Kd8 16. Bh3 Qc5 17. Nc6+ Kc7 $17) 15... Be7 {
The development of the bishop is highly desirable, even though the square e7
is on the only open file on the board. A serious alternative was offered by
the king retreat, since it was much more forcing on White's play.} (15... Kd8
$5 16. Nc6+ Bxc6 17. dxc6 Nb6 (17... Nc5 18. Qd5 $44) 18. Re1 (18. Bc4 Nxc4 (
18... Rc8 19. Bxa6 Qxc6 20. Qe2 Ra8 $17) 19. Rhe1 Be7 20. Qxc4 $36) 18... Be7
19. Bg2 d5 20. Qd4 Qxc6 21. Qxg7 Rf8 22. Qxh7 Qc4 23. Kb1 Qxf4 24. h4 $15) 16.
Nf5 Nc5 17. Nxg7+ $1 {Radjabov has managed to properly grasp the problems and
he chose the most unpleasant from many attractive continuations.} (17. Qd4
O-O-O 18. Qxg7 Rde8 19. Qxf7 Bd8 20. Qh5 Kb8 $17) (17. Qxb4 O-O-O (17... Bc8
18. Nxe7 Kxe7 19. Qc3 Kf8 20. b4 Ne6 21. Qe3 Nd8 22. Re1 g6 23. Qd4 $13) 18.
Bh3 Kb8 19. Rhe1 Bf8 20. Re3 g6 21. Nd4 Ka8 $15) 17... Kf8 18. Qd4 Rg8 19. Nf5
b3 $1 {Attack is the best form of defence! Volokitin exploits the moment to
bring some misery into the life of White's king.} (19... Rc8 20. Qxb4 Rg6 21.
h4 $14) 20. Bc4 bxc2 (20... bxa2 21. Bxa2 Re8 22. Rhe1 $14) 21. Rde1 Re8 22.
Re2 (22. Kxc2 Bc8 23. Nh6 Na4 24. b3 (24. Nxg8 Bf5+ 25. Kc1 Kxg8) (24. Re4 Rg7
25. Rhe1 Qb6) 24... Nb6 25. f5 Nxc4 26. bxc4 Qa5 27. f6 Qxa2+ 28. Kd3 Qa3+ 29.
Kd2 (29. Qc3 Qxc3+ 30. Kxc3 Bxf6+ 31. gxf6 Rg6 $17) 29... Qb4+ $11) (22. h4 $5
Bc8 23. Nh6 Qb6 24. Kxc2 Rg7 25. b3 $13) 22... Bc8 23. Nh6 Qb6 $1 24. Qc3 $2 {
Black's counterchances can not be underestimated, but Radjabov is not chosing
the best defense by a great margin.} (24. Kxc2 Rg7 (24... Na4 25. Qxb6 Nxb6 26.
Nxg8 Kxg8 27. Rhe1 $16) 25. b3 (25. Rhe1 Na4 26. Qf6 Be6 (26... Qc7 27. Kb1
Nxb2) 27. Rxe6 Qf2+ 28. R1e2 Qxe2+ 29. Rxe2 Bxf6 30. Rxe8+ Kxe8 31. Bxa6 Kf8
$15) 25... Bd7 26. Rhe1 $14) 24... Na4 25. Qxc2 Rxg5 $3 {[%mdl 256] Excellent
counterblow! The rook was locked behind the white pieces, but now the black
forces will spring to life with miraculous speed.} 26. fxg5 (26. Qxa4 Rg6 $19)
(26. Rxe7 $2 Rg1+ $19) 26... Bxg5+ 27. Kb1 Rxe2 28. Bxe2 Bd7 $1 29. Bg4 {
White has the exchange, but he is unable to save the life of the knight which
has strayed on to h6.} (29. Ng4 $2 Bf5 $19) (29. Rf1 Bxh6 30. Bh5 Be8 31. Bxf7
Bxf7 32. Qxa4 Qb5 $17) 29... Bb5 30. b3 Bxh6 (30... Qd4 31. Nf5 (31. Qc8+ Be8
32. bxa4 Qe4+ $19) 31... Nc3+ 32. Kb2 Qxg4 $19) 31. Bf5 Bg7 32. Qc8+ Ke7 $6 {
Volokitin must have been spending loads of time in a complicated position and
he begins to suffer due to lack of time.} (32... Be8 33. Re1 (33. Bd7 Nc3+ 34.
Kc1 (34. Ka1 Nb5+ 35. Kb1 Na3+ 36. Kc1 Qe3+ $19) 34... Qe3+ $19) 33... Nc3+ 34.
Kc1 Bh6+ 35. Kb2 Qf2+ 36. Kxc3 (36. Ka3 Qxa2+ 37. Kb4 Nxd5+ 38. Kc4 Nb6+ $19)
36... Qxe1+ $19) 33. Rc1 Nc5 (33... Be8 $1 34. Qc7+ Kf8 35. Qxb6 Nxb6 $17) 34.
Qg8 Be5 (34... Nxb3 $5 35. Qxg7 (35. axb3 $2 Bd3+ $19) 35... Nxc1 36. Qg5+ Kf8
$17) 35. Bxh7 Qa5 (35... Nxb3 36. Qg5+ f6 37. Qg7+ Kd8 38. Qg8+ Be8 39. Rc8+
Kxc8 40. Qxe8+ $11) 36. Qg5+ Kf8 $2 $138 {The last stages of the fight does
not the least honour to Black. Under the pressure from the opponent and his
own clock he completely lost the overview of the position.} (36... f6 37. Qh6
Bd7 $17) 37. Rxc5 dxc5 $2 (37... Bd3+ 38. Bxd3 Qxc5 39. h4 Qd4 $11) 38. Qxe5
Qd2 39. Bc2 Bd3 $2 (39... Bd3 $2 40. Qh8+ Ke7 41. d6+ Kxd6 42. Qd8+ $18) 1-0

[Event "Baku FIDE GP"]
[Site "Baku"]
[Date "2008.05.04"]
[Round "12"]
[White "Kamsky, Gata"]
[Black "Svidler, Peter"]
[Result "0-1"]
[WhiteElo "2726"]
[BlackElo "2746"]
[Annotator "Ftacnik,L"]
[PlyCount "80"]
[EventDate "2008.04.21"]
[EventType "tourn"]
[EventRounds "13"]
[EventCountry "AZE"]
[EventCategory "19"]
[SourceTitle "CBM 124"]
[Source "ChessBase"]
[SourceDate "2008.05.28"]
[SourceVersion "1"]
[SourceVersionDate "2008.05.28"]
[SourceQuality "1"]

1. e4 c5 2. Nf3 d6 3. d4 cxd4 4. Nxd4 Nf6 5. Nc3 a6 6. Bg5 e6 7. f4 Qc7 8. Bxf6
gxf6 9. Qh5 Qc5 $1 10. Qxc5 dxc5 11. Nb3 {It is hard to believe, that 9.Qh5
move will find too many followers. Black playes with two bishops and his pawn
structure is only minimally compromised.} (11. Nf3 b5 (11... b6 12. a4 Nc6 13.
O-O-O Bb7 14. g3 Bg7 15. Bg2 Ke7 16. Rhe1 Na5 17. b3 Rhd8 18. Rxd8 Rxd8 19. f5
c4 20. b4 Nc6 21. b5 Ne5 22. Nxe5 fxe5 23. fxe6 fxe6 {1/2 Rogers,I (2529)
-Lautier,J (2658)/Netherlands 2001 (40)}) 12. e5 (12. a4 b4 13. Nb1 Bb7 14.
Nbd2 Nc6 15. Nb3 Bd6 16. g3 f5 17. Nfd2 O-O-O 18. e5 Be7 19. Bg2 h5 20. h4 Kc7
21. Kf2 f6 {0-1 Torok,S (2334)-Galyas,M (2428)/Hungary 2006 (60)}) 12... Bb7
13. exf6 Nd7 14. f5 Nxf6 15. fxe6 fxe6 16. a4 b4 17. Nd1 Rg8 18. Ne3 Bh6 19.
Nc4 Bf4 20. Rd1 Ke7 21. Ke2 Ne4 $17 {0-1 Crawley,A-Wojtkiewicz,A (2595)/Kona
1998 (31)}) 11... Bd6 12. g3 Ke7 13. Bg2 Ra7 $1 14. O-O-O Rd8 (14... b5 15.
Rhe1 Nd7 16. Na5 $36) 15. a4 b6 16. Nd2 {Kamsky will suffer during the whole
game due to the failure of finding a proper plan. It is very hard to suggest a
set up of pieces that would lead anywhere.} (16. Rhe1 Rad7 17. e5 fxe5 18. fxe5
Bc7 19. a5 Rxd1+ 20. Nxd1 b5 21. Nxc5 Bxa5 $15) 16... Rad7 17. Nc4 Bc7 18.
Rxd7+ Bxd7 19. Re1 Be8 $1 {A fine move by Svidler, that excludes all the
tricks with the potential jump of the knight to d5.} (19... Nc6 $2 20. Nd5+
exd5 21. exd5+ $16) (19... b5 20. Nd5+ exd5 21. exd5+ Kf8 22. d6 $1 Bxd6 23.
Nxd6 bxa4 24. Nb7 $14) 20. Na3 Kf8 21. Bf1 Bc6 22. b3 (22. Rd1 Rd4 $15) 22...
Bb7 23. Rd1 Rd4 $1 {[%mdl 32] A small challenge, that black finds impossible
to accept. White pawn on e4 is quite vulnerable.} 24. Bd3 (24. Nc4 Nc6 25. Rd2
Ke7 $15) 24... Nc6 25. Ne2 Rd8 26. c3 Ke7 27. Bc2 Rb8 $1 28. Bd3 Na7 29. c4 $2
{Kamsky finally commits a serious positional mistake, his bishop on d3 turns
into a very poor piece.} (29. Nc4 Nc8 30. Kc2 Nd6 31. Nxd6 Bxd6 $15) 29... Nc6
30. Nc2 h5 31. h4 (31. Kb2 h4 32. g4 h3 $17) 31... Rg8 32. Kd2 Nd4 $1 {
Consequent play enabled by the opening of the second front. White is obliged
to defend the vulnerable g3 pawn.} 33. Ncxd4 cxd4 34. b4 (34. Rf1 e5 35. fxe5
fxe5 36. Rf5 Rh8) (34. Nxd4 Rxg3 35. Ne2 Rh3 $19) (34. Rg1 Bd6 $17) 34... e5
35. c5 $2 $138 {In time trouble Kamsky finally loses control and lashes out in
the hope for counterplay. Opening of the play favours the black bishops.} (35.
f5 Rg4 $17) (35. fxe5 fxe5 36. Rf1 Bd6 37. b5 axb5 38. cxb5 Rg4 $17) 35... bxc5
36. Rc1 (36. bxc5 Ba5+ $1 37. Kc2 Rc8 $19) (36. fxe5 fxe5 37. Rc1 Bb6 38. bxc5
Ba5+ 39. Kc2 Rg4 $17) 36... f5 $1 37. exf5 (37. Rxc5 Bd6 38. Rc4 fxe4 $19)
37... e4 38. Bc4 (38. Rxc5 Bd6 39. Rc4 exd3 40. Kxd3 Bf3 41. Rxd4 Bxe2+ 42.
Kxe2 Rxg3 $19) 38... d3 39. Nc3 (39. Bxd3 Rd8 40. Rxc5 Rxd3+ $19) 39... Rxg3
40. Nxe4 $2 {The final blunder is not changing anything, the position was lost.
} (40. Rf1 e3+ 41. Kxd3 e2+ 42. Kxe2 Rxc3 $19) 40... Bxf4+ 0-1

[Event "USA-ch"]
[Site "Long Beach"]
[Date "1993.??.??"]
[Round "7"]
[White "Shabalov, Alexander"]
[Black "Wolff, Patrick G"]
[Result "1-0"]
[WhiteElo "2590"]
[BlackElo "2585"]
[Annotator "Ftacnik,L"]
[PlyCount "79"]
[EventDate "1993.12.??"]
[EventType "tourn"]
[EventRounds "11"]
[EventCountry "USA"]
[EventCategory "14"]
[SourceTitle "CBM 039"]
[Source "ChessBase"]
[SourceDate "1994.04.01"]
[SourceVersion "1"]
[SourceVersionDate "1994.04.01"]
[SourceQuality "1"]

1. e4 c5 2. Nf3 d6 3. d4 cxd4 4. Nxd4 Nf6 5. Nc3 a6 6. Bg5 e6 7. f4 Nbd7 8. Qf3
Qc7 9. a4 $5 {I don't know if this is a new move, but is certainly out of the
ordinary.} (9. O-O-O b5 10. e5 (10. Bd3 b4 11. Nd5 $5 Qc5 12. Nb3 Qc6 13. Nxb4
Qb6 14. Nd5 $1 exd5 15. exd5 Rb8 16. Rhe1+ Kd8 17. Qe4 $1 h6 18. Qe8+ Kc7 19.
Bxf6 Nxf6 20. Qxf7+ Bd7 21. Bf5 {game White plenty of compensatino in the
local game Jestadt-Panugaling, California 1993.}) 10... Bb7 11. Qh3 dxe5 12.
Nxe6 fxe6 13. Qxe6+ Be7 14. Nxb5 axb5 15. Bxb5 Be4 16. Rd2 Kf8 17. Bc4 Bg6 18.
Bxf6 Nxf6 19. fxe5 Bb4 20. Rf2 Bf7 21. Qxf7+ Qxf7 22. Bxf7 Kxf7 23. a3 {
is all well-known theory, for example} Be7 (23... Bc5 $1 24. Rf3 Bd4 25. exf6
gxf6 $15 {according to Gelfand and Guzman.}) 24. exf6 Bxf6 {which should have
been about equal in Kamsky-Glefand, Linares 1993.}) 9... Be7 10. Be2 h6 11. Bh4
{This allows a typical Richter-Rauzer combination which wins a pawn for Black.
Shabalov probably saw it but figured there was enough attacking compensation.}
Nxe4 12. Bxe7 Nxc3 13. bxc3 Kxe7 14. O-O Re8 15. g4 Qc5 16. Rf2 Kf8 17. Rd1 Kg8
18. h4 e5 19. Nb3 Qc6 20. Qxc6 bxc6 21. Rxd6 Nf6 $5 22. Bf3 e4 23. g5 Nd5 24.
Bg2 Nxc3 25. gxh6 gxh6 26. Rxh6 Bg4 27. Rxc6 Rac8 28. Rxc8 Rxc8 29. Bf1 Rd8 30.
Bc4 Kf8 31. Rd2 Re8 32. Kf1 e3 33. Rd4 Ne4 34. Ke1 Ng3 35. Nc5 Rc8 36. Rd5 Bf3
37. Re5 e2 $2 38. Nd7+ Kg7 39. Rg5+ Kh6 40. Rxg3 1-0

[Event "World Cup"]
[Site "Khanty-Mansiysk"]
[Date "2007.12.07"]
[Round "5.2"]
[White "Alekseev, Evgeny V"]
[Black "Karjakin, Sergey"]
[Result "1/2-1/2"]
[WhiteElo "2716"]
[BlackElo "2694"]
[Annotator "Ftacnik,L"]
[PlyCount "64"]
[EventDate "2007.11.24"]
[EventType "k.o."]
[EventRounds "7"]
[EventCountry "RUS"]
[SourceTitle "CBM 122"]
[Source "ChessBase"]
[SourceDate "2008.01.30"]
[SourceVersion "1"]
[SourceVersionDate "2008.01.30"]
[SourceQuality "1"]

1. e4 c5 2. Nf3 d6 3. d4 cxd4 4. Nxd4 Nf6 5. Nc3 a6 6. Bg5 e6 7. f4 Nbd7 8. Qe2
Qc7 9. O-O-O b5 10. a3 Bb7 11. g4 Be7 12. Bg2 Qc4 (12... O-O 13. Bh4 g6 14.
Rhf1 Nb6 15. Rd3 Nc4 16. Rh3 Rac8 17. f5 e5 18. Nb3 d5 19. exd5 e4 20. Bxe4
Nxe4 21. Bxe7 Nxc3 22. Rxc3 Rfe8 23. f6 $16 {1/2 Radjabov,T (2742)-Karjakin,S 
(2694)/Crete 2007/ (43)}) (12... Rc8 13. Bh4 Qc4 14. Qxc4 Rxc4 15. Bf3 Nc5 16.
Be2 Nfxe4 17. Nxe4 Bxe4 18. Bxe7 Nb3+ 19. Kb1 Rxd4 20. Bxd6 Bxh1 21. cxb3 Rxd1+
22. Bxd1 Kd7 $19 {0-1 Savon,V (2570)-Mecking,H (2575)/Petropolis 1973/ (33)})
13. Qd2 b4 $6 {Karjakin is rushing the counterplay on the queenside. In
retrospect it seems, that preparation with the quiet 13...Rb8 would have been
stronger.} (13... Rb8 14. f5 e5 15. Nb3 b4 16. axb4 Qxb4 $132) 14. axb4 Qxb4 (
14... O-O 15. Kb1 Rfb8 (15... Rfe8 16. Bxf6 Nxf6 (16... Bxf6 17. Nb3 Be7 18.
Qd4 Qxd4 19. Nxd4 $16) 17. e5 dxe5 18. fxe5 Nd5 19. Nxd5 Bxd5 20. Bxd5 Qxd5 21.
Rhe1 Qb7 22. c3 a5 23. b5 a4 24. Rf1 (24. Qe2 a3 25. Qe4 Qb6 26. Qc6 Qa5 27.
Qc4 $16) 24... a3 25. Qf4 Bc5 26. Qf3 $16) 16. b3 Qc7 (16... Qxb4 17. Nd5 Qxd2
18. Nxe7+ Kf8 19. Rxd2 Kxe7 20. e5 Bxg2 21. Rxg2 dxe5 22. Nc6+ $16) 17. h4 $16)
15. e5 dxe5 16. Nc6 $6 {[%mdl 4] Alekseev plays the active move, but probably
misses a chance to challenge his opponent more with different exchanges in the
centre.} (16. Bxf6 $1 Nxf6 (16... Bxg2 17. Nxe6 $1 Nxf6 18. Qxg2 Rc8 19. Nxg7+
$16) 17. fxe5 Nd5 (17... Bxg2 18. Qxg2 Rb8 19. exf6 Qxb2+ 20. Kd2 Rc8 21. fxe7
Qxc3+ 22. Ke2 $18) 18. Nxd5 Qxd2+ 19. Rxd2 Bxd5 20. Bxd5 exd5 21. h4 $14) 16...
Bxc6 $1 17. Bxc6 O-O-O 18. Qg2 (18. Qe2 Nb8 19. Ba8 exf4 20. Qf3 Rxd1+ 21. Rxd1
Rd8 22. Bxf4 Rxd1+ 23. Nxd1 $14) 18... Nc5 {Both players nurture some
ambitions, Black is not really scared despite White's excellent control of the
a8-h1 diagonal.} (18... Kc7 19. Bxd7 Rxd7 20. Rxd7+ Nxd7 21. Bxe7 Qxe7 22. fxe5
Rb8 23. Rf1 Nxe5 24. Qg3 f6 25. g5 $44) 19. fxe5 Nd5 20. Bd2 (20. Bxe7 Nxe7 21.
Kb1 Ng6 22. Bb5 $1 (22. Ne4 Nxe4 23. Bxe4 Nxe5 24. c3 Qc4 25. Bc2 $44) 22...
Kb8 (22... axb5 23. Qc6+ Kb8 24. Nxb5 Nb7 25. Rxd8+ Rxd8 26. Qc7+ Ka8 27. Qb6
Qa5 28. Nc7+ Kb8 29. Na6+ Ka8 30. Nc7+ $11) 23. Be2 Nxe5 24. Qg3 f6 25. g5 $44)
20... Nf4 21. Bxf4 (21. Qf3 $2 Ncd3+ $1 $19) 21... Qxf4+ 22. Kb1 Qxe5 {The
burden of looking for equality has shifted to White. Black's exposed king and
opposite coloured bishops make that easier.} 23. Ne4 Kc7 (23... Nxe4 24. Bxe4
Rxd1+ 25. Rxd1 Rd8 26. Bd3 $11) 24. Nxc5 Qxc5 25. Ba4 Bf6 26. Rhf1 Kb6 (26...
Rxd1+ 27. Rxd1 Rb8 28. Rd7+ Kc8 29. b3 Qc3 30. Qc6+ Qxc6 31. Bxc6 Rb6 $15) (
26... Rb8 27. Qg3+ Kc8 28. c3 Rb7 $15) 27. g5 Be5 (27... Rxd1+ 28. Rxd1 Rd8 29.
Rxd8 Bxd8 30. Qf3 Qxg5 31. Qc6+ Ka7 32. Qd7+ Kb8 33. Qxf7 $11) 28. c3 {The
most precise continuation was probably 28.Rde1, but the battle gravitates
toward balance.} (28. Rde1 f6 29. Rf3 Rd4 30. Rb3+ Rb4 31. Rxb4+ Qxb4 32. Qc6+
Ka7 33. c3 Qd6 34. Qxd6 Bxd6 35. Rxe6 Bxh2 36. gxf6 gxf6 37. Rxf6 $11) 28... f6
29. gxf6 gxf6 30. Bb3 Qc6 31. Qxc6+ Kxc6 32. Rxd8 Rxd8 1/2-1/2